Statistics for A Shift in an Amazon Warehouse

Click here to take the quiz!

General Stats

  • This quiz has been taken 1,171 times
  • The average score is 16 of 35

Answer Stats

HintAnswer% Correct
Cow Skull
53%
Baseball Glove
52%
Cookie, Chocolate Chip
52%
Textbooks
52%
Some... Grass
51%
Stuffed Zebra Toy
51%
Wall Clock
51%
Lollipop
51%
Scooter
51%
The Actual Sun
51%
Smart Phone
50%
Crown
50%
Handcuffs
50%
Laser Printer
50%
Recycling Bin
49%
Human Heart
49%
Hard Hat
49%
Laptop
49%
Easter Island Head
49%
Ape, American Football
48%
Party Hat
47%
Gold Trophy
47%
Actual Mars Rover
46%
Large, Non-famous Rock
44%
Ice Skates
44%
Gazebo
43%
Jupiter
40%
Ape, Police
40%
Neptune
39%
Rugby Ball
37%
Cookie, “Mint” Infested
33%
Bouquet, Lacklustre
32%
Hard Hat, Unicorn
31%
Ape, Blue Collar
29%
Octahedron of Unspeakable Terror
25%

Score Distribution

Percentile by Number Answered

Percent of People with Each Score

Your Score History

You have not taken this quiz